Haltestellen der C11 zwischen Stollberg und Chemnitz - Statistiken

Allgemein
  • Dieses Quiz wurde 4 mal gespielt
  • Das Durchschnittsergebnis liegt bei 14 aus 27
Antwortstatistiken
Antwort % Korrekt
Stollberg (Sachs)
100%
Chemnitz Altchemnitz
75%
Chemnitz Gustav-Freytag-Straße
75%
Chemnitz Hbf
75%
Chemnitz Hbf Bahnhofstraße/Chemnitz Omnibusbahnfof (je nach Fahrtrichtung)
75%
Chemnitz Roter Turm
75%
Chemnitz Theaterplatz
75%
Chemnitz Zentralhaltestelle
75%
Adorf (Erzgebirge)
50%
Chemnitz Altchemnitz Center
50%
Chemnitz Friedrichstraße
50%
Chemnitz Harthau
50%
Chemnitz Moritzhof
50%
Chemnitz Riemenschneiderstraße
50%
Chemnitz Schneeberger Straße
50%
Chemnitz Schule Altchemnitz
50%
Haltepunkt Klaffenbach
50%
Jahnsdorf (Erzgebirge)
50%
Neukirchen-Klaffenbach
50%
Niederdorf (Erzgebirge)
50%
Pfaffenhain
50%
Stollberg Schlachthofstraße
50%
Chemnitz Rößlerstraße
25%
Chemnitz Treffurthstraße
25%
Chemnitz Uhlestraße
25%
Chemnitz Erdmannsdorfer Straße
0%
Chemnitz Scheffelstraße
0%
Keine übereinstimmenden Quizze gefunden
Verteilung der Resultate
Anzahl Personen mit jedem Resultat
Perzentil nach korrekt beantworteten Fragen
Ihre Resultats-Entwicklung
Sie haben dieses Quiz noch nicht gespielt